000 00867nam a2200229 4500
008 090505c20059999gaufrp 0 engen
022 0 _a15482057 :USD10.00
037 _bConversations, McCarty Bldg, 2055 Mt. Paran Rd, Atlanta, GA 30327
090 _aBV4485
_bC76
_bvol. 3:2
_b2005
130 0 _aConversations (Atlanta, Ga.)
245 1 0 _aConversations :
_ba forum for authentic transformation.
260 _aAtlanta, Ga. :
_b[Life Springs Resources,
_c2005]
300 _a84 p. :
_bill. ;
_c28 cm.
310 _aSemiannual.
362 0 _aVol. 1 (spring 2003)-
500 _aTitle from cover.
505 0 _aVolume 3:2, Fall 2005.
650 4 _aSpiritual formation
_xChristians
_vPeriodicals.
650 4 _aSpiritual life
_xChristianity
_vPeriodicals.
951 _p32847
_x00037754
_oPERBV4485/C76/vol. 3:2/2005
_j090505113020171
_d2000-12-21
_cPER
999 _c33065
_d33065